Análisis Político /
Kaydedildi:
| Materyal Türü: | Kitap |
|---|---|
| Dil: | Spanish |
| Baskı/Yayın Bilgisi: |
Bogotá, Colombia:
Universidad Nacional de Colombia. Instituto Estudios Políticos y Relaciones Internacionales,
1987-
|
| Konular: | |
| Etiketler: |
Etiketle
Etiket eklenmemiş, İlk siz ekleyin!
|
MARC
| LEADER | 00000nam a22000007a 4500 | ||
|---|---|---|---|
| 003 | cru CIDCACS/IIS | ||
| 005 | 20240123110138.0 | ||
| 008 | 240123b |||||||| |||| 00| 0 spa d | ||
| 022 | |a 0120-8934 | ||
| 040 | |c cru CIDCACS/IIS | ||
| 090 | |a REV0286 | ||
| 245 | 1 | |a Análisis Político / |c Universidad Nacional de Colombia. Instituto Estudios Políticos y Relaciones Internacionales | |
| 260 | |a Bogotá, Colombia: |b Universidad Nacional de Colombia. Instituto Estudios Políticos y Relaciones Internacionales, |c 1987- | ||
| 500 | |a PERIODICIDAD : cuatrimestral EXISTENCIAS : 1987-1990 (1-11), índice 87-89 1991-1992 (13-16) 1993 (20) 1994 (21, 23) 1996 (27) 1997 (30) 2002 (45) | ||
| 650 | 0 | |a DEMOCRACIA |9 83 | |
| 650 | 0 | |a ESTADO |2 TESAUROS |9 243 | |
| 650 | 4 | |a RELACIONES INTERNACIONALES |9 2646 | |
| 650 | |2 TESAUROS | ||
| 651 | 0 | |a AMERICA LATINA |9 17 | |
| 942 | |2 ddc |c PP | ||
| 999 | |c 45464 |d 45464 | ||
